Premeny najvplyvnejšieho ekonóma sveta Jefreyho Sachsa
Sachs a jeho snahy o realizáciu radikálnych reforiem v rozvojových krajinách. Sachsová šoková terapia a hyperinflácia v Bolívii roku 1985. Najradikálnejšia reforma pre Poľsko. Liberalizácia pracovného trhu v Nemecku. Neúspech radikálnej reformy trhového hospodárstva v Rusku. Nové plány pre rozvoj ek...
Uložené v:
| Hlavný autor: | |
|---|---|
| Ďalší autori: | |
| Médium: | Kapitola |
| Jazyk: | Slovak |
| Predmet: | |
| Tagy: |
Žiadne tagy, Buďte prvý, kto otaguje tento záznam!
|
MARC
| LEADER | 00000naa$a2200000$$$4500 | ||
|---|---|---|---|
| 001 | 0002359 | ||
| 005 | 20230925124042.3 | ||
| 041 | 0 | |a slo | |
| 044 | |a SK | ||
| 245 | 1 | 0 | |a Premeny najvplyvnejšieho ekonóma sveta Jefreyho Sachsa |c aut. Uwe Jean Heuser ; prekl. Katarína Maličkayová |
| 520 | |a Sachs a jeho snahy o realizáciu radikálnych reforiem v rozvojových krajinách. Sachsová šoková terapia a hyperinflácia v Bolívii roku 1985. Najradikálnejšia reforma pre Poľsko. Liberalizácia pracovného trhu v Nemecku. Neúspech radikálnej reformy trhového hospodárstva v Rusku. Nové plány pre rozvoj ekonomiky v rozvojových krajinách. Boj za globálny zdravotný fond. | ||
| 610 | 2 | 0 | |a reformy hospodárske |
| 610 | 2 | 0 | |a história |
| 610 | 2 | 0 | |a hospodárstvo trhové |
| 610 | 2 | 0 | |a liberalizácia |
| 610 | 2 | 0 | |a trh práce |
| 610 | 2 | 0 | |a inflácia |
| 610 | 2 | 0 | |a krajiny rozvojové |
| 610 | 2 | 0 | |a Rusko |
| 610 | 2 | 0 | |a Nemecko |
| 610 | 2 | 0 | |a Bolívia |
| 610 | 2 | 0 | |a Poľsko |
| 610 | 2 | 0 | |a manažéri |
| 100 | 1 | |a Heuser, Uwe Jean | |
| 700 | 1 | |a Maličkayová, Katarína | |